000
00314nam a22001337a 4500
003
SGT
082
_a
920
_b
R97P
100
_a
PILLAI, G. PARAMASWARAN
245
_a
REPRESENTATIVE INDIANS : REPRINT OF RARE BOOK SERIES
260
_b
SAHITYA ACADEMY
_c
1897
300
_a
379
650
_a
BIOGRAPHY
942
_2
ddc
_c
BK
999
_c
28320
_d
28320